Relació de telèfons
Descripción Física:
2 volums ; 21 cm
Materias:
Barcelona (Catalunya : Província). -- Diputació -- Guies telefòniques
; Barcelona (Catalunya : Província). -- Diputació -- Directoris
Idioma:
Catalán
MARC
| LEADER | 00000nam a2200000Ia 4500 | ||
|---|---|---|---|
| 001 | 22611 | ||
| 003 | Arxiu | ||
| 005 | 20260324180036.0 | ||
| 008 | 160829m19962001spc xx r s0 cat c | ||
| 040 | |a AGDB | ||
| 080 | |a FU-56-30 | ||
| 080 | |a FU-39-31 | ||
| 110 | 1 | |a Barcelona (Catalunya : Província). |b Diputació |e entitat autora |9 52408 | |
| 245 | 1 | 0 | |a Relació de telèfons |
| 260 | |a Barcelona : |b Diputació de Barcelona, Xarxa de Municipis, |c 1996-2001 | ||
| 300 | |a 2 volums ; |c 21 cm | ||
| 590 | |a Guia actualitzada fins a desembre de 1996 | ||
| 590 | |a Guia actualitzada fins a juny de 2001 | ||
| 610 | 1 | 0 | |a Barcelona (Catalunya : Província). |b Diputació |v Guies telefòniques |9 56187 |
| 610 | 1 | 0 | |a Barcelona (Catalunya : Província). |b Diputació |v Directoris |9 55988 |
| 866 | |a 1996 | ||
| 866 | |a 2001 | ||
| 901 | |a Arxiu | ||
| 942 | |n 1 |2 udc |c ARXIU | ||
| 952 | |0 0 |1 0 |4 0 |7 1 |9 42452 |a Arxiu |b Arxiu |d 2016-12-01 |h 2001 |o FU-39-31 |p 15663 |r 2016-12-01 00:00:00 |w 2016-12-01 |y ARXIU | ||
| 952 | |0 0 |1 0 |4 0 |7 1 |9 52020 |a Arxiu |b Arxiu |d 2023-04-13 |h 1996 |o FU-56-30 |p 22611 |r 2016-12-01 00:00:00 |w 2016-12-01 |y ARXIU | ||
| 999 | |c 55868 |d 55868 | ||